Geologi kejuruteraan / (Record no. 2715)

000 -LEADER
fixed length control field nam a22 a 4500
003 - CONTROL NUMBER IDENTIFIER
control field AKMAL
005 - DATE AND TIME OF LATEST TRANSACTION
control field 20170517154524.0
008 - FIXED-LENGTH DATA ELEMENTS--GENERAL INFORMATION
fixed length control field 170517s1992 my a00 may d
020 ## - INTERNATIONAL STANDARD BOOK NUMBER
International Standard Book Number 983622727X (kkt.):
Terms of availability RM 18.00
040 ## - CATALOGING SOURCE
Original cataloging agency AKMAL
082 04 - DEWEY DECIMAL CLASSIFICATION NUMBER
Classification number 624.151 GEO
090 ## - LOCALLY ASSIGNED LC-TYPE CALL NUMBER (OCLC); LOCAL CALL NUMBER (RLIN)
Classification number (OCLC) (R) ; Classification number, CALL (RLIN) (NR) 624.151
Local cutter number (OCLC) ; Book number/undivided call number, CALL (RLIN) GEO
100 1# - MAIN ENTRY--PERSONAL NAME
Personal name Beavis, F. C.
9 (RLIN) 5722
245 10 - TITLE STATEMENT
Title Geologi kejuruteraan /
Statement of responsibility, etc. F. C. Beavis ; penterjemah Ibrahim Komoo, Tajul Anuar Jamaluddin
250 ## - EDITION STATEMENT
Edition statement Ed. terjemahan Bahasa Malaysia
260 ## - PUBLICATION, DISTRIBUTION, ETC.
Place of publication, distribution, etc. Kuala Lumpur :
Name of publisher, distributor, etc. Dewan Bahasa dan Pustaka,
Date of publication, distribution, etc. 1992
300 ## - PHYSICAL DESCRIPTION
Extent x, 253ms. :
Other physical details il. ;
Dimensions 24cm
500 ## - GENERAL NOTE
General note Mengandungi indeks
500 ## - GENERAL NOTE
General note Terjemahan dari: Engineering geology.- [London]: Blackmore, 1985
504 ## - BIBLIOGRAPHY, ETC. NOTE
Bibliography, etc. note Mengandungi rujukan bibliografi
650 ## - SUBJECT ADDED ENTRY--TOPICAL TERM
Topical term or geographic name entry element Engineering geology
9 (RLIN) 5723
700 0# - ADDED ENTRY--PERSONAL NAME
Personal name Ibrahim Komoo,
Titles and other words associated with a name Dato',
Dates associated with a name 1952-
9 (RLIN) 5724
700 0# - ADDED ENTRY--PERSONAL NAME
Personal name Tajul Anuar Jamaluddin
9 (RLIN) 5725
942 ## - ADDED ENTRY ELEMENTS (KOHA)
Source of classification or shelving scheme
Koha item type Book
Holdings
Withdrawn status Lost status Source of classification or shelving scheme Damaged status Not for loan Collection code Home library Current library Shelving location Date acquired Inventory number Total Checkouts Full call number Barcode Date last seen Price effective from Koha item type
          NON-FICTION AKMAL Melaka AKMAL Melaka PINJAMAN 17.05.2017 601348   624.151 GEO 201703288 17.05.2017 17.05.2017 Book
Pusat Sumber Maklumat Dato' Haji Sarmin Md Hussin, Akademi Kastam Diraja Malaysia, Melaka
Tel: 06-2331106 | Faks: 06-2313787